000 02149nam a22002657a 4500
003 URS
005 20240416181809.0
008 240308b |||||||| |||| 00| 0 eng d
050 0 0 _aLG 221.R59
_bE12512015
100 1 _aEleazar, Mitzi A.
_eResearcher
245 _aAnalysis of The Financial Performance of The Most Holy Rosary Multi-Purpose Cooperativa Calendar 2010-2014/
_cGupit, Johnmerk O. [and] Tud, Roma G.
264 1 _c2015
300 _aviii, 63 leaves
_bIllustration
_c28 cm
336 _2text
_ardacontent
337 _2rdamedia
_aunmediated
338 _2rdacarrier
_avolume
502 _aUndergraduate Thesis
_bBachelor of Science in Business Administration Major in Financial Management
_cUniversity of Rizal System, Rodriguez, Rizal
_d2015
520 _aThis study aimed to determine the Analysis on the Financial Performance of the Most Holy Rosary Multi-Purpose Cooperative for Calendar Year 2010- 2014. This was conducted during 2014-2015 at Rodriguez, Rizal This study utilized the qualitative method using Documentary Analysis. The documentary analysis of research was used in this study in order to present the important information about the Financial Performance of the Most Holy Rosary Multi-Purpose Cooperative, Calendar Year 2010-2014. For better result and accuracy of interpretation on the gathered data, the researchers used P.E.S.O.S Ratio which means PORTFOLIO QUALITY RATIOS, EFFICIENCY RATIOS, STABILITY RATIOS, OPERATIONS, STRUCTURE OF ASSETS to determine the profile of the cooperative in terms of years in operation, number of members, and number of branches and also to know the Financial Performance of the MHRMC during the Calendar Year 2010-2014. Documentary research was employed to get reliable data pertinent to the analysis.
650 _2Analysis on the Financial Performance of the Most Holy Rosary Multi-Purpose Cooperative for Calendar Year 2010- 2014
700 _aGupit, Johnmerk O
_eResearcher
700 _aTud, Roma G.
_eResearcher
700 _aMadriaga, Elsa Mia
_eAdviser
856 _3Online Request for Student Unpublished Works
_uhttps://forms.gle/7LqvGGkaDrUQqz429
942 _2lcc
_cT
999 _c77940
_d77939